00354nam a2200157Ia 45000010006000000050017000060080041000230410008000640820016000721000025000882450025001132600009001383000033001476500008001806540008001881392120260306164836.0260306t2016||||xx |||||||||||||| ||spa|| aESP a005.7bB184 aBuhlmann, PetereAUT 0aHandbook of big data c2016 axvi, 464 páginas :c26 cm. aGEN aCCC